All My Hero Academia Quirks - Statistics

General Stats
  • This quiz has been taken 134 times
    133 since last reset
  • The average score is 41 of 99
Answer Stats
Hint Answer % Correct
Izuku Midoriya One for all
98%
All Might One for all
97%
Katsuki Bakugo Explosion
92%
Fumikage Tokoyami Dark shadow
84%
Tenya Iida Engine
84%
Tsuyu Asui Frog
84%
Mina Ashido Acid
83%
Mashirao Ojiro Tail
81%
All For One All for one
78%
Eijiro Kirishima Hardening
78%
Shoto Todoroki Half cold Half hot
77%
Momo Yaoyorozu Creation
76%
Denki Kaminari Electrification
76%
Hanta Sero Tape
76%
Ochako Uraraka Zero gravity
75%
Shihai Kuroiro Black
72%
Toru Hagakure Invisibility
72%
Recovery Girl Heal
71%
Tomura Shigaraki Decay
68%
Kyoka Jiro Earphone jack
68%
Yuga Aoyama Navel Laser
68%
Nana Shimura(seventh OFA user) Float
67%
Rikido Sato Sugar rush
66%
Daigoro Banjo(fifth OFA user) Blackwhip
63%
Koji Koda Anivoice
61%
Mirko Rabbit
61%
Neito Monoma Copy
59%
Endeavor Hellflame
56%
TetsutetsuTetsutetsu Steel
55%
Hikage Shinomori(fourth OFA user) Danger Sense
53%
Ryukyu Dragon
52%
Minoru Mineta Pop off
52%
Eraserhead Erasure
51%
Bruce Lee(third OFA user) Fa-Jin
51%
Toshitsugo Kudo(second OFA user) Gearshift
49%
En Tayutai(sixth OFA user) Smokescreen
49%
Mezo Shoji Dupli-Arms
48%
Mr. Compress Compress
47%
Present Mic Voice
45%
Toya Todoroki Blueflame
44%
Eri Rewind
44%
Bubble girl Bubble
42%
Gran Torino Jet
40%
Manga Fukidashi Comic
39%
Mirio Togata Permeation
39%
Overhaul Overhaul
38%
Hawks Fierce wings
37%
Mt. Lady Gigantification
37%
Hitoshi Shinso Brainwashing
35%
Mei Hatsume Zoom
35%
Vlad King Blood control
34%
Twice Double
34%
Ragdoll Search
34%
Stain Bloodcurdle
33%
Centipeder Centipede
32%
Mustard Gas
32%
La Brava Love
32%
Itsuka Kendo Big fist
31%
Spinner Gecko
31%
Kinoko Komori Mushroom
31%
Star and Stripe New order
31%
Setsuna Tokage Lizard Tail Splitter
30%
Re-Destro Stress
30%
Kurogiri Warp gate
30%
Sir Nighteye Foresight
29%
Ibara Shiozaki Vines
29%
Nezu High spec
27%
Tamaki Amajiki Manifest
26%
Edgeshot Foldabody
25%
Crust Shield
25%
Himiko Toga Transform
25%
Fat Gum Fat absorption
24%
Mandalay Telepath
24%
Best Jeanist Fiber master
19%
Kamui Woods Arbor
18%
Gentle Criminal Elasticity
18%
Geten Ice Ply
17%
Midnight Somnambulist
15%
Nine Weather manipulation
15%
Chronostasis Chronostasis
14%
Pony Tsunotori Horn cannon
14%
Gang Orca Orcinus
14%
Mimic Mimicry
13%
Muscular Muscle Augmentation
13%
Nirengeki Shoda Twin Impact
13%
Nejire Hado Wave motion
13%
Moonfish Blade-Tooth
12%
Pixie-Bob Earth flow
12%
Shishido Lion
12%
Magne Magnetism
12%
Tiger Pliabody
12%
Kyudai Garaki Life force
11%
Kendo Rappa Strongarm
10%
Skeptic Anthropomorph
9%
Hekiji Tengai Barrier
9%
Amplivolt Amplivolt
8%
Wash Clean Bubbler
8%
Shin Nemoto Confession
6%
Curious Landmine
6%
No matching quizzes found
Score Distribution
Percent of People with Each Score
Percentile by Number Answered
Your Score History
You have not taken this quiz since the last reset